000 00791nas a2200253 4500
001 BR0304948
003 BR-BrBNA
005 20231205104132.0
007 ta
008 230509b bl.|||p| |||| 00| 00por d
040 _aBR-BrBNA
_bpor
_cBiblioteca Nacional de Agricultura
041 _a(Pt)
072 _aL10
100 1 _aRibeiro, R.I.M.A.
100 1 _aGodinho, H.P.
245 1 _aCriopreservação do sêmen testicular do teleósteo piau-açu Leporinus macrocephalus
650 _aPIAUÇU
650 _aSÊMEN
650 _aTESTÍCULO
650 _aCRIOPRESERVAÇÃO
773 0 _tArquivo Brasileiro de Medicina Veterinária e Zootecnia (Brazil)
_xISSN 0102-0935
_g(Feb 2003), v. 55(1) p. 75-79
_wBR0304948
909 _a202311
_bLúcia
_c55
_dLúcia Elande
942 _2AGRIS
_n0
_cANA
999 _c176553
_d176553